00431nam a2200169Ia 4500003000400000005001700004008004100021020001800062040000700080041000800087082002100095100003400116245003700150260004700187300001400234365001300248OSt20230411104121.0210423s2008 xx 000 0 und d a9788131732502 cAL aeng a658.421 NAGS223 aNAGENDRA (S);MANJUNATH (V S). aEntrepreneurship and management. aNew DelhibPearson Education Pvt Ltdc2008 ax,304bPB b250cINR